Slučování a splývání obchodních společností
Zlučovanie a splývanie obchodných spoločností. Spôsoby zlučovania podnikov: postúpenie, spojenie, zlúčenie, splynutie a premena. Zlučovanie obchodných spoločností: zrušenie spoločnosti bez likvidácie a prevzatie obchodného imania. Vyhotovenie ročných a mimoriadnych účtovných závierok. Spôsoby zlučov...
Salvato in:
| Autore principale: | |
|---|---|
| Natura: | Capitolo di libro |
| Lingua: | ceco |
| Soggetti: | |
| Tags: |
Nessun Tag, puoi essere il primo ad aggiungerne!!
|
MARC
| LEADER | 00000naa a2200000 4500 | ||
|---|---|---|---|
| 001 | r021660 | ||
| 005 | 20230913080724.6 | ||
| 041 | 0 | |a cze | |
| 044 | |a CZ | ||
| 245 | 1 | 0 | |a Slučování a splývání obchodních společností |c P. Ryneš |
| 520 | |a Zlučovanie a splývanie obchodných spoločností. Spôsoby zlučovania podnikov: postúpenie, spojenie, zlúčenie, splynutie a premena. Zlučovanie obchodných spoločností: zrušenie spoločnosti bez likvidácie a prevzatie obchodného imania. Vyhotovenie ročných a mimoriadnych účtovných závierok. Spôsoby zlučovania z ekonomického hľadiska: reštrukturalizácia a reorganizácia skupiny podnikov, prevzatie kontroly, spojenie podielov. | ||
| 610 | 2 | 0 | |a spoločnosti obchodné |
| 610 | 2 | 0 | |a zlučovanie podnikov |
| 610 | 2 | 0 | |a vývoj podniku |
| 610 | 2 | 0 | |a závierka účtovná |
| 610 | 2 | 0 | |a závierka účtovná konsolidovaná |
| 100 | 1 | |a Ryneš, P. | |